| 000 | 00414nam a22001217a 4500 | ||
|---|---|---|---|
| 082 | _a657.3 NAT | ||
| 100 |
_aNational Board of Accountants and Auditors Tanzania _91716 |
||
| 245 | _aAdvanced Accountancy | ||
| 260 |
_c1988 _aDar es Salaam _bInstute of Finance Management |
||
| 300 |
_avi,292p _bill.,30cm |
||
| 650 |
_aAccounting for bankruptcy.reseivership and compulsory liguidation of companies _95835 |
||
| 942 | _cBK | ||
| 999 |
_c17920 _d17920 |
||